| 000 | 00422nam a2200169Ia 4500 | ||
|---|---|---|---|
| 008 | 230711s9999||||xx |||||||||||||| ||und|| | ||
| 041 | _aENG | ||
| 082 |
_a624 _bAD-R |
||
| 100 | _aAdithan, M | ||
| 245 | 0 | _aPractical refrigeration and air conditioning | |
| 250 | _a1st | ||
| 260 |
_c1991 _aNew Delhi _bWiley Eastern Limited |
||
| 300 | _a160 | ||
| 650 | _aMechanical Engineering | ||
| 700 | _aLaroiya, S.C | ||
| 942 | _cBK | ||
| 999 |
_c2400 _d2400 |
||